Statistics for Modern Day Countries Of The Ilkhanate On A Map

Click here to take the quiz!

General Stats

  • This quiz has been taken 450 times
  • The average score is 12 of 12

Answers on the Map

Answers color-coded by a green-red scale on the quiz's map according to % correct below.
 

Answer Stats

Answer% Correct
Iran
100%
Afghanistan
99%
Armenia
99%
Azerbaijan
99%
Georgia
99%
Iraq
99%
Pakistan
99%
Syria
99%
Turkey
99%
Turkmenistan
99%
Russia
98%
Tajikistan
97%

Score Distribution

Percentile by Number Answered

Percent of People with Each Score

Your Score History

You have not taken this quiz